Apologetics (Record no. 5032)

MARC details
000 -LEADER
fixed length control field 00581nam a2200241 a 4500
020 ## - INTERNATIONAL STANDARD BOOK NUMBER
ISBN
082 00 - DEWEY DECIMAL CLASSIFICATION NUMBER
Classification number 239
Author Cutter SMI1
100 ## - MAIN ENTRY--AUTHOR NAME
Author name Smith, Henry B
245 ## - TITLE STATEMENT
Title Apologetics
Sub title a Course of Lectures
260 ## - PUBLICATION, DISTRIBUTION, ETC. (IMPRINT)
Place of publication New York
Name of publisher A.C.Armstrong and Son
Year of publication 1882
300 ## - PHYSICAL DESCRIPTION
Number of Pages 194p
500 ## - GENERAL NOTE
General note includes index and biblioraphy
505 2# - FORMATTED CONTENTS NOTE
Formatted contents note Appendix
650 ## - SUBJECT ADDED ENTRY--TOPICAL TERM
Topical Term Apologetics
942 ## - ADDED ENTRY ELEMENTS (KOHA)
Koha item type Books
700 1# -
-- Smith, Henry B
Holdings
Home library Current library Date acquired Cost, normal purchase price Full call number Accession Number Koha item type
Henry Martyn Institute Library Henry Martyn Institute Library 06/28/2007 100.00 239 SMI1 5822 Archive Book
                   Copyright © 2026 | Henry Martyn Institute | Hyderabad | TS-500052 | INDIA | Implemented by hmi.edu.in
Hit-Count:

Powered by Koha